Logo CIB grande

FUNDAMENTOS DE FISICA II: ELECTRICIDAD Y MAGNETISMO (Registro nro. 236918)

Detalles MARC
000 -LEADER
campo de control de longitud fija 00544nam a2200217Ia 4500
005 - FECHA Y HORA DE LA ÚLTIMA TRANSACCIÓN
campo de control 20250425162817.0
008 - DATOS DE LONGITUD FIJA--INFORMACIÓN GENERAL
campo de control de longitud fija 250425s9999 xx 000 0 und d
041 ## - CÓDIGO DE IDIOMA
Código de lengua del texto/banda sonora o título independiente spa
010 ## - NÚMERO DE CONTROL DE LA BIBLIOTECA DEL CONGRESO
Número de control de LC 109915
100 ## - ENTRADA PRINCIPAL--NOMBRE DE PERSONA
Nombre de persona SEARS, FRANCIS WESTON
245 #0 - MENCIÓN DEL TÍTULO
Título FUNDAMENTOS DE FISICA II: ELECTRICIDAD Y MAGNETISMO
Mención de responsabilidad, etc. ALVINO YUSTA.
250 ## - MENCION DE EDICION
Mención de edición 3A ED.
264 ## - PRODUCCIÓN, PUBLICACIÓN, DISTRIBUCIÓN, FABRICACIÓN Y COPYRIGHT
Producción, publicación, distribución, fabricación y copyright España, MADRID
Nombre del de productor, editor, distribuidor, fabricante AGUILAR
Fecha de producción, publicación, distribución, fabricación o copyright 1961.
300 ## - DESCRIPCIÓN FÍSICA
Extensión 440
362 ## - FECHAS DE PUBLICACIÓN Y/O DESIGNACIÓN SECUENCIAL
Fecha de publicación y/o designación secuencial 2
650 ## - PUNTO DE ACCESO ADICIONAL DE MATERIA--TÉRMINO DE MATERIA
Término de materia o nombre geográfico como elemento de entrada ELECTRICIDAD
650 ## - PUNTO DE ACCESO ADICIONAL DE MATERIA--TÉRMINO DE MATERIA
Término de materia o nombre geográfico como elemento de entrada FISICA
650 ## - PUNTO DE ACCESO ADICIONAL DE MATERIA--TÉRMINO DE MATERIA
Término de materia o nombre geográfico como elemento de entrada MAGNETISMO
700 ## - ENTRADA AGREGADA--NOMBRE PERSONAL
Nombre de persona ALVINO YUSTA.
Término indicativo de función/relación tr
942 ## - ELEMENTOS DE ENTRADA SECUNDARIOS (KOHA)
Tipo de ítem Koha Libros
Existencias
Estatus retirado Estado de pérdida Estado de daño No para préstamo Biblioteca de origen Biblioteca actual Ubicación en estantería Fecha de adquisición Coste, precio normal de compra Etiqueta RFID Total de préstamos Código de barras Copia número Tipo de ítem Koha
        CENTRO DE INFORMACIÓN BIBLIOTECARIA CENTRO DE INFORMACIÓN BIBLIOTECARIA   21/06/2004 0.01 0000000000000000034298   6651 1 Libros

Copyright 2025 ESPOL. Todos los derechos reservados.